000 01020nam a2200253Ia 4500
003 OSt
005 20220923212935.0
006 a|||||r|||| 00| 0
007 ta
008 220922b |||||||| |||| 00| 0 hin d
024 _a157,144
037 _cTextual
040 _aARTS
_cARTS
_bhin
041 _2hin
_ahin
082 _aO152:gN2, M0
100 _aमिश्र, सत्यदेव
_9156279
245 0 _aशुक्लोत्तर हिन्दी आलोचना पर पाश्चात्य साहित्ययिक अवधाराणाओ का प्रभाव
246 _aShuklottar hindī ālochanā par pāshchātya sāhityayik avadhārāṇāo kā prabhāva
260 _aदिल्ली
_b प्रकाशन संस्थान
_c1980
300 _a272 पृ.
_ccm.
650 _aहिन्दी साहित्य
_9156264
942 _hO152:gN2, M0
_cTEXL
_2CC
999 _c312361
_d312361